Fünf Länder mit den meisten WM-Teilnahmen (Frauen) - Statistiken

Allgemein
  • Dieses Quiz wurde 61 mal gespielt
  • Das Durchschnittsergebnis liegt bei 23 aus 28
Antwortstatistiken
Verband Anzahl Land % Korrekt
CONMEBOL 9 Brasilien
98%
UEFA 9 Deutschland
98%
CONCACAF 9 Vereinigte Staaten
98%
CONMEBOL 4 Argentinien
96%
CONCACAF 3 Mexiko
96%
UEFA 5 Frankreich
95%
AFC 9 Japan
95%
CONCACAF 8 Kanada
95%
UEFA 6 England
93%
CONMEBOL 3 Kolumbien
93%
UEFA 9 Schweden
93%
AFC 5 Australien
91%
OFC 3 Australien
91%
AFC 8 China
91%
AFC 4 Südkorea
89%
OFC 6 Neuseeland
85%
UEFA 9 Norwegen
85%
CONMEBOL 1 Chile
82%
UEFA 5 Dänemark
80%
CAF 2 Südafrika
78%
CAF 9 Nigeria
75%
CONMEBOL 1 Ecuador
71%
CAF 3 Ghana
71%
CONCACAF 2 Jamaika
71%
CONCACAF 2 Costa Rica
65%
CAF 2 Kamerun
60%
AFC 4 Nordkorea
55%
CAF 1 Äquatorialguinea
9%
Keine übereinstimmenden Quizze gefunden
Verteilung der Resultate
Anzahl Personen mit jedem Resultat
Perzentil nach korrekt beantworteten Fragen
Ihre Resultats-Entwicklung
Sie haben dieses Quiz noch nicht gespielt